Countries Ed Sheeran has visited - Statistics

General Stats
  • This quiz has been taken 176 times
    20 since last reset
  • The average score is 50 of 59
Answer Stats
Continent Country % Correct
South America Argentina
100%
Oceania Australia
100%
North America Canada
100%
South America Chile
100%
Europe Croatia
100%
Europe Finland
100%
Europe France
100%
Europe Germany
100%
Europe Italy
100%
North America Mexico
100%
Europe Norway
100%
Europe Portugal
100%
Europe Spain
100%
Europe Sweden
100%
Europe Switzerland
100%
Europe United Kingdom
100%
North America United States of America
100%
South America Brazil
91%
Asia China
91%
Europe Czech Republic
91%
Asia India
91%
Asia Indonesia
91%
Europe Ireland
91%
Asia Japan
91%
Europe Latvia
91%
Oceania New Zealand
91%
Europe Poland
91%
Asia/ Europe Russia
91%
Asia Singapore
91%
Europe Austria
82%
Europe Belgium
82%
Europe Bulgaria
82%
Europe Denmark
82%
Europe Estonia
82%
Europe Hungary
82%
Europe Lithuania
82%
Europe Luxembourg
82%
Asia Malaysia
82%
South America Peru
82%
Europe Romania
82%
Africa South Africa
82%
Asia South Korea
82%
Asia Thailand
82%
Europe the Netherlands
82%
Asia the Philippines
82%
South America Colombia
73%
North America Costa Rica
73%
Europe Iceland
73%
Asia Taiwan
73%
Europe Ukraine
73%
Asia United Arab Emirates
73%
South America Uruguay
73%
Asia Qatar
64%
Europe Serbia
64%
Asia Bahrain
55%
Asia Bhutan
55%
Europe Cyprus
55%
Europe Malta
55%
Asia Oman
55%
No matching quizzes found
Score Distribution
Percent of People with Each Score
Percentile by Number Answered
Your Score History
You have not taken this quiz since the last reset